Činnosť informačného strediska Ústredného ústavu vysokoškolského vzdelávania v Berlíne

Bibliographic Details
Format: Article
Language:Slovak
PhysicalDescription:Lit. 3 zázn. v nem.
Subjects:

MARC

LEADER 00000nab a2200000 a 4500
001 vtls000296928
003 SK-MaSNL
005 20260304070503.0
008 250423c1987 xo 0 slo
015 |a SNBRB19rr/mm-uuuuu 
035 |a CL0307047 
035 |a urn:nbn:sk:snk-ab6kef 
035 |a (uuid)bb24a9d6-cde0-47f6-9337-62c18afb5fcd 
035 |a (urnnbn)urn:nbn:sk:snk:ar-0059os 
035 |a (sysno)vtls000296928 
040 |a SNKBUCL  |b slo  |c SNKBUCL  |e AACR2 
041 0 |a slo 
044 |a xo  |c SK 
080 |a 002.66(430.2)  |2 1981 
080 |a 002.6  |2 1981 
080 |a 681.3  |2 1981 
245 0 0 |a Činnosť informačného strediska Ústredného ústavu vysokoškolského vzdelávania v Berlíne 
300 |b Lit. 3 zázn. v nem. 
650 0 7 |a Zentralinstitut für Hochschulbildung, Berlín  |2 snkbucl  |9 1356574 
650 0 7 |a informačné strediská  |2 snkbucl  |9 63914 
655 7 |a články z novín a časopisov  |2 snkbucl  |9 267496 
655 7 |a články z odboru knihovníctvo  |2 snkbucl  |9 166141 
773 0 |t Knižnice a vedecké informácie  |g Roč. 19, č. 6 (1987), s. 283-286 
850 |a Slovenská národná knižnica 
852 |a Slovenská národná knižnica 
954 |a odborná, vedecká literatúra pôvodná (slovenská)  |2 lita 
958 |a article2022 
958 |a RK 
958 |a KL 
958 |a DE 
958 |a OND 
958 |a EUIPO 
992 |a RBX 
999 |c 2755972  |d 2757902